Pray - Jessie Murph (All Lyrics) - Statistics

General Stats
  • This quiz has been taken 54 times
  • The average score is 150 of 249
Answer Stats
Answer % Correct
I
97%
you
92%
You
92%
pray
89%
never
86%
that
86%
wish
83%
do
81%
it
81%
up
81%
Up
81%
don't
78%
know
78%
Waking
78%
some
75%
something
75%
wishing
75%
Wishing
75%
a
72%
But
72%
but
72%
you'll
69%
You'll
69%
Is
67%
is
67%
the
67%
was
67%
and
64%
It's
64%
it's
64%
me
64%
what
64%
love
61%
no
58%
No
58%
wanted
58%
in
56%
showed
56%
thought
56%
my
53%
Til
53%
we
53%
We
53%
better
50%
curse
50%
like
50%
night
50%
on
50%
worse
50%
been
47%
For
47%
of
47%
that's
47%
this
47%
water
47%
at
44%
blessing
44%
father
44%
shit
44%
hell
42%
I've
42%
liqour
42%
Maybe
42%
one
42%
out
42%
reason
42%
daughter
39%
drinking
39%
going
39%
low
39%
only
39%
Wouldn't
39%
about
36%
can
36%
down
36%
I'm
36%
medicine
36%
back
33%
head
33%
lot
33%
need
33%
run
33%
somebody's
31%
We're
31%
work
28%
could
25%
golden
25%
Late
25%
mind
25%
ooh
25%
half
22%
oughta
22%
Praying
22%
rise
22%
sun
22%
swear
22%
bed
19%
Got
17%
questioning
17%
highs
14%
ain't
11%
knowing
11%
lows
11%
lying
11%
might
11%
thinking
11%
seen
8%
mmm
6%
Whoa
6%
No matching quizzes found
Score Distribution
Percent of People with Each Score
Percentile by Number Answered
Your Score History
You have not taken this quiz